000 00574nam a22002177a 4500
005 20170124105947.0
010 _aA-838071
020 _c7.00
035 _aA-838071
037 _bCen Lib/Ret
040 _aDPL
_bEN
082 _a230
_bTIK
100 _aTikkoo, T. N.
_973583
245 _aThe Casletial flute
_cby T. N. Tikkoo
260 _aNew Delhi
_bT.N. Tikkoo
_c1974
270 _aK-4, Hauz Khas
_bNew Delhi
_e110016
300 _a188p.
_c16cm(Hb)
650 _aMahabharat
_973584
650 _aStory
_912604
942 _2ddc
_cEN
_h230.1
_mTIK
999 _c124986
_d124986